Statistics for Five Most Populated Countries by Continent with Exceptions

Click here to take the quiz!

General Stats

  • This quiz has been taken 192 times
  • The average score is 25 of 30

Answer Stats

Continent Country % Correct
EuropeFrance
94%
OceaniaNew Zealand
94%
OceaniaAustralia
94%
EuropeUnited Kingdom
94%
EuropeSpain
93%
EuropeItaly
92%
OceaniaPapua New Guinea
91%
South AmericaChile
90%
OceaniaFiji
90%
North AmericaCanada
89%
South AmericaVenezuela
88%
South AmericaPeru
88%
North AmericaCuba
88%
South AmericaColombia
87%
South AmericaArgentina
86%
AfricaSouth Africa
85%
North AmericaHaiti
84%
North AmericaGuatemala
82%
AsiaIran
80%
North AmericaDominican Republic
79%
AfricaKenya
79%
OceaniaSolomon Islands
78%
EuropeUkraine
76%
AsiaThailand
76%
AfricaAlgeria
75%
AfricaTanzania
72%
AsiaSouth Korea
67%
AsiaTurkey
66%
AfricaSudan
61%
AsiaMyanmar
56%

Score Distribution

Percentile by Number Answered

Percent of People with Each Score

Your Score History

You have not taken this quiz